[Event "Petroupoli ASOP Dias op"]
[Site "Petroupoli"]
[Date "2013.02.13"]
[Round "4.10"]
[White "Mihotas, Petros"]
[Black "Kouskoutis, Georgios Alexandros"]
[Result "0-1"]
[WhiteElo "1811"]
[BlackElo "1882"]
[PlyCount "82"]
[EventDate "2013.01.23"]
[EventType "swiss"]
[EventRounds "7"]
[EventCountry "GRE"]
[SourceTitle "EXT 2024"]
[Source "ChessBase"]
[SourceDate "2023.10.10"]
[SourceVersion "1"]
[SourceVersionDate "2023.10.10"]
[SourceQuality "1"]

1. e4 c5 2. Nf3 e6 3. d4 cxd4 4. Nxd4 Nc6 5. c4 Nf6 6. Nc3 Bb4 7. Nxc6 bxc6 8. Bd3 e5 9. 0-0 0-0 10. Bg5 Be7 11. b3 d6 12. f4 h6 13. Bxf6 Bxf6 14. f5 Bb7 15. Rc1 Qe7 16. Qg4 Rfd8 17. Kh1 Rac8 18. Bb1 Ba6 19. Rfd1 Bg5 20. Rc2 Qb7 21. h4 Bf6 22. g3 Qb4 23. Qf3 Bb7 24. Qe3 Qa5 25. Rcd2 Be7 26. Kh2 Rd7 27. c5 d5 28. exd5 Bxc5 29. Qf3 Rcd8 30. Be4 Bb4 31. Rd3 Bxc3 32. dxc6 Rxd3 33. Rxd3 Rxd3 34. cxb7 Rd8 35. f6 g6 36. Qg4 Qb6 37. Bxg6 Qxf6 38. Bf5+ Kf8 39. Bc8 Qf2+ 40. Kh3 Qf1+ 41. Kh2 Rd2+ 0-1

[Event "Petroupoli op 10th"]
[Site "Petroupoli"]
[Date "2012.10.24"]
[Round "6"]
[White "Sienczewski, Zbigniew"]
[Black "Mihotas, Petros"]
[Result "1-0"]
[WhiteElo "2151"]
[BlackElo "1872"]
[PlyCount "75"]
[EventDate "2012.10.06"]
[EventType "swiss"]
[EventRounds "7"]
[EventCountry "GRE"]
[SourceTitle "EXT 2013"]
[Source "ChessBase"]
[SourceDate "2012.11.22"]
[SourceVersion "1"]
[SourceVersionDate "2012.11.22"]
[SourceQuality "1"]

1. g3 d5 2. Nf3 Nf6 3. c4 c6 4. b3 Bf5 5. Bg2 Nbd7 6. Bb2 e6 7. 0-0 Bd6 8. d3 0-0 9. Nbd2 h6 10. Rc1 Qa5 11. a3 Rfc8 12. b4 Qd8 13. c5 Be7 14. Re1 b6 15. d4 b5 16. Nb3 Ne4 17. Ne5 f6 18. Nd3 Qe8 19. f3 Ng5 20. e4 dxe4 21. fxe4 Bh7 22. h4 Nf7 23. Bh3 Bd8 24. Nf4 Nf8 25. d5 Bc7 26. d6 Rd8 27. Qg4 Nxd6 28. cxd6 Bb6+ 29. Nc5 e5 30. Nfe6 Nxe6 31. Qxe6+ Qxe6 32. Bxe6+ Kf8 33. Rcd1 a5 34. Bc3 axb4 35. Bxb4 Ra4 36. Kh2 Bxc5 37. Bxc5 Rxe4 38. d7# 1-0

[Event "Petroupoli op 5th"]
[Site "Petroupoli"]
[Date "2012.09.26"]
[Round "6"]
[White "Mihotas, Petros"]
[Black "Nteves, Stamatios"]
[Result "1-0"]
[WhiteElo "1872"]
[BlackElo "1538"]
[PlyCount "71"]
[EventDate "2012.09.08"]
[EventType "swiss"]
[EventRounds "7"]
[EventCountry "GRE"]
[SourceTitle "CBM 150 Extra"]
[Source "ChessBase"]
[SourceDate "2012.10.19"]
[SourceVersion "1"]
[SourceVersionDate "2012.10.19"]
[SourceQuality "1"]

1. e4 e6 2. d4 d5 3. Nd2 Nf6 4. Bd3 c5 5. e5 Nfd7 6. c3 Nc6 7. Ngf3 Qb6 8. 0-0 cxd4 9. cxd4 Nxd4 10. Nxd4 Qxd4 11. Nf3 Qb6 12. Qa4 Bc5 13. Qg4 Bf8 14. b3 Qb4 15. Qg3 h5 16. Bf4 Nc5 17. Bc2 Bd7 18. Ng5 Ne4 19. Nxe4 dxe4 20. a3 h4 21. Qe3 Qb6 22. Bxe4 Bc5 23. Qf3 Bc6 24. b4 Bd4 25. Rac1 Bxe4 26. Qxe4 Rd8 27. Bg5 f6 28. Qg6+ Kf8 29. exf6 gxf6 30. Bxf6 Bxf6 31. Qxf6+ Kg8 32. Qg5+ Kf8 33. Qf6+ Kg8 34. Rfd1 Re8 35. Qg6+ Kf8 36. Rd7 1-0

[Event "Panagiotis Apergis op"]
[Site "Ano Liosia"]
[Date "2007.04.27"]
[Round "2"]
[White "Sideris, Theodoros"]
[Black "Mihotas, Petros"]
[Result "0-1"]
[WhiteElo "2090"]
[BlackElo "1854"]
[PlyCount "120"]
[EventDate "2007.04.24"]
[EventType "swiss"]
[EventRounds "7"]
[EventCountry "GRE"]
[SourceTitle "EXT 2008"]
[Source "ChessBase"]
[SourceDate "2007.11.25"]
[SourceVersion "1"]
[SourceVersionDate "2007.11.25"]
[SourceQuality "1"]

1. e4 e6 2. d4 d5 3. Nc3 dxe4 4. Nxe4 Nd7 5. g3 Ngf6 6. Bg2 Nxe4 7. Bxe4 Nf6 8. Bg2 c5 9. Ne2 cxd4 10. Qxd4 Qxd4 11. Nxd4 a6 12. Bg5 Be7 13. Nc6 h6 14. Nxe7 hxg5 15. Nxc8 Rxc8 16. 0-0 0-0 17. Bxb7 Rxc2 18. b3 a5 19. Rfc1 Rxc1+ 20. Rxc1 Rb8 21. Bg2 Rd8 22. Rc4 Rd1+ 23. Bf1 Rd5 24. Rc8+ Kh7 25. f3 Rd1 26. Rc2 Nd5 27. Re2 Ra1 28. a4 Rb1 29. Re5 Kg6 30. Kf2 Rb2+ 31. Kg1 Rxb3 32. f4 gxf4 33. gxf4 Rb4 34. Bb5 Rxf4 35. Kg2 Kf6 36. Re1 Nc3 37. Kg3 Rb4 38. Rf1+ Ke7 39. Bc6 Rc4 40. Bb5 Nxb5 41. axb5 Rb4 42. Rc1 Rxb5 43. Rc7+ Kf6 44. h4 Rb3+ 45. Kg4 Rb4+ 46. Kg3 Ra4 47. Ra7 Ra1 48. Kg4 g6 49. Ra8 a4 50. Ra5 a3 51. Kg3 a2 52. Kg2 e5 53. Kh2 Kf5 54. Kg2 Kg4 55. Ra4+ Kh5 56. Kh2 f5 57. Kg2 e4 58. Ra6 Kxh4 59. Ra3 e3 60. Ra4+ Kg5 0-1